Mort subite - Maréchaux de Napoléon - Statistiques

Statistiques générales
  • Ce quiz a été pris 119 fois
  • Le résultat moyen est 11 sur 17
Answers on the Grid
Answers color-coded by a green-red scale on the quiz's grid according to % correct below.
Joachim Murat
Léon Tolstoï
Etienne Macdonald
Louis-Alexandre Berthier
Jean-Baptiste Jourdan
Etienne de Brevan
Charles Letrier
Claude Victor
André Masséna
Jean-de-Dieu Soult
Jean Sérurier
Nicolas Oudinot
Guillaume Brune
Jean Lannes
Jean Houstier
Nicolas Sibier
Emmanuel de Grouchy
Pierre-Emmanuel Ferre
Jean-Baptiste Bernadotte
François-Hugues Jeannot
François-Joseph Lefebvre
Auguste Boulanger
Bertrand Lemurier
Louis-Nicolas Davout
Gustave Delacourt
Michel Ney
Serge de Haumont
Louis-Emile Portier
Henri Longchamps
Michel Ney
 
Statistiques - réponses
Réponse % Correct
Joachim Murat
91%
André Masséna
84%
Michel Ney
81%
Jean-Baptiste Bernadotte
75%
Michel Ney
75%
Louis-Nicolas Davout
74%
Emmanuel de Grouchy
69%
Louis-Alexandre Berthier
69%
Jean Lannes
68%
Jean-Baptiste Jourdan
66%
Jean-de-Dieu Soult
66%
Etienne Macdonald
61%
Nicolas Oudinot
61%
Jean Sérurier
55%
François-Joseph Lefebvre
52%
Guillaume Brune
40%
Claude Victor
39%
Aucun quiz correspondant
Distribution des résultats
% des personnes avec chaque résultat
Percentile par nombre de réponses
Votre historique - résultats
Vous n’avez pas pris ce quiz